Online
Catalog

El prejuicio racial en el nuevo mundo : (Record no. 35235)

MARC details
000 -CABECERA
campo de control de longitud fija 00840nam a2200205 a 4500
001 - NÚMERO DE CONTROL
campo de control 000035744
005 - FECHA Y HORA DE LA ÚLTIMA TRANSACCIÓN
campo de control 20200930074558.0
008 - DATOS DE LONGITUD FIJA--INFORMACIÓN GENERAL
campo de control de longitud fija 111109s1974 cl ac 000 0 spa d
040 ## - FUENTE DE LA CATALOGACIÓN
Centro catalogador/agencia de origen DO-SdBNP
Lengua de catalogación spa
Centro/agencia transcriptor BNPHU
082 ## - NÚMERO DE LA CLASIFICACIÓN DECIMAL DEWEY
Número de clasificación xxxx
Número de documento/Ítem F197P
100 1# - ENTRADA PRINCIPAL--NOMBRE DE PERSONA
Nombre de persona Hanke, Lewis
9 (RLIN) 60991
245 13 - MENCIÓN DE TÍTULO
Título El prejuicio racial en el nuevo mundo :
Resto del título Aristóteles y los indios de Hispanoamérica /
Mención de responsabilidad, etc. Lewis Hanke ; traducido por Marina Orellana.
260 ## - PUBLICACIÓN, DISTRIBUCIÓN, ETC.
Lugar de publicación, distribución, etc. Chile :
Nombre del editor, distribuidor, etc. Secretaría de Educación Pública, Dirección General de Divulgación,
Fecha de publicación, distribución, etc. 1974.
300 ## - DESCRIPCIÓN FÍSICA
Extensión 207 p. :
Otras características físicas il., retr. ;
Dimensiones 17 cm.
490 1# - MENCIÓN DE SERIE
Mención de serie Sepsetentas
Designación de volumen o secuencia 156
504 ## - NOTA DE BIBLIOGRAFÍA, ETC.
Nota de bibliografía, etc. Incluye referencias bibliográficas y notas al pie de las página
590 ## - NOTA LOCAL (RLIN)
Nota local Perteneció a la biblioteca personal de Juan Isidro Jimenes Grullón
700 1# - PUNTO DE ACCESO ADICIONAL--NOMBRE DE PERSONA
Nombre de persona Orellana, Marina
9 (RLIN) 61690
830 #0 - PUNTO DE ACCESO ADICIONAL DE SERIE-TÍTULO UNIFORME
Título uniforme Sepsetentas
Designación de volumen o secuencia 156
9 (RLIN) 8937
Holdings
Estado de retiro Estado de pérdida Restricciones de uso No para préstamo Código de colección Localización permanente Ubicación/localización actual Ubicación en estantería Fecha de adquisición Número de inventario Total de préstamos Signatura topográfica completa Código de barras Fecha visto por última vez Precio válido a partir de Tipo de ítem Koha Nota pública
      Excluido de préstamo Monografías: Libros y Folletos General General En catalogación 09.11.2011 LF1   xxxx F197P 35744-10 25.06.2020 25.06.2020 No se presta Perteneció a la biblioteca personal de Juan Isidro Jimenes -Grullón

Powered by Koha